Vrai ou Faux ? – Spécial Infos Insolites #1 - Statistiques

Statistiques générales
  • Ce quiz a été pris 140 fois
  • Le résultat moyen est 5 sur 10
Statistiques - réponses
Question Réponse % Correct
Il y a eu plus d’hommes sur la Lune que de femmes au fond de la fosse des Mariannes. Vrai
75%
En Corée du Sud, on a 1 an au moment de la naissance. Vrai
72%
En Suisse, il est illégal d’avoir un seul cochon d’Inde. Vrai
66%
Le cerveau humain est plus actif pendant qu’on dort que quand on est réveillé. Vrai
56%
Le pain tombe toujours du côté beurré à cause des lois de la gravité. Faux
54%
Le premier SMS de l’histoire disait "Bonjour maman". Faux
52%
Le Coca-Cola était vert à sa création. Faux
47%
Les dents humaines sont aussi dures que celles du requin. Vrai
44%
Un escargot peut dormir jusqu’à 3 ans d’affilée. Vrai
44%
Une pieuvre a 9 cœurs. Faux
31%
Aucun quiz correspondant
Distribution des résultats
% des personnes avec chaque résultat
Percentile par nombre de réponses
Votre historique - résultats
Vous n’avez pas pris ce quiz